Datum a čas kvízu
39.5
Celkem bodů
Celkový počet nahraných bodů na tomto kvízu bez doplňovacích otázek.
2.
Pořadí na kvízu
Konečné umístění týmu na tomto kvízu.
Zaznamenané odpovědi
| # | Otázka | Odpověď | Body | Výsledky |
|---|---|---|---|---|
| 1. | V masce kterého zvířete naruši... | gorily | 1 | |
| 2. | Na co je podle šéfky pro zahra... | A | 1 | |
| 3. | Minulý týden bylo oznámeno jmé... | o Hanse Zimmera | 1 | |
| 4. | Firma Mattel uvedla na trh nov... | C | 0 | |
| 5. | Půl bodu získáte za jméno česk... | Jakub Menšík, oštěp | 0.5 | |
| 6. | Vaším úkolem v tématu bude odh... | červená, žlutá | 0.5 | |
| 7. | Teď se podíváme na domácí fotb... | tři | 0 | |
| 8. | Pojďme na hokej. Lev v logu BK... | zelená | 1 | |
| 9. | Na základě zobrazených barev l... | Los Angeles Lakers | 1 | |
| 10. | Které americké město oslavuje... | Pittsburgh | 1 |